00636nam a2200181Ia 4500952013100000999001700131003000400148005001700152008004100169040000900210082001800219100003500237245007100272260004000343300000900383650002000392942004200412 00102ddc40708ISLAMaMESbMEScISLd2019-02-20g120.00l0o297.09 ENA/Dp22436r2019-02-20 00:00:00w2019-02-20yBKzGL49R3 c22400d22400OSt20200515124350.0190216s9999||||xx |||||||||||||| ||und|| coclc a297.09bENA/D aEnan, Mohammad Abdullah 92155 0aDecisive Moments In The History Of Islam /cMuhammad Abdullah Enan bIdarah-1 Adabiyat-1,c1983.aDelhi: a323p aIslamic History cBK2ddch297.09iENA/Dk297.09mENA/D